Using information technology : (Record no. 26299)
[ view plain ]
| 000 -LEADER | |
|---|---|
| fixed length control field | 00955nam a22002655a 4500 |
| 005 - DATE AND TIME OF LATEST TRANSACTION | |
| control field | 20201128024258.0 |
| 008 - FIXED-LENGTH DATA ELEMENTS--GENERAL INFORMATION | |
| fixed length control field | 180314t2010 nyua frb 001 0 eng d |
| 020 ## - INTERNATIONAL STANDARD BOOK NUMBER | |
| International Standard Book Number | 9780070184992 |
| 020 ## - INTERNATIONAL STANDARD BOOK NUMBER | |
| International Standard Book Number | 0070184992 |
| 040 ## - CATALOGING SOURCE | |
| Original cataloging agency | EG-ScBUE |
| Language of cataloging | eng |
| Transcribing agency | EG-ScBUE |
| Modifying agency | EG-ScBUE |
| 082 04 - DEWEY DECIMAL CLASSIFICATION NUMBER | |
| Edition number | 22 |
| Classification number | 004 |
| Item number | WIL |
| 100 1# - MAIN ENTRY--PERSONAL NAME | |
| 9 (RLIN) | 34526 |
| Personal name | Williams, Brian K., |
| Dates associated with a name | 1938- |
| 245 10 - TITLE STATEMENT | |
| Title | Using information technology : |
| Remainder of title | a practical introduction to computers & communications / |
| Statement of responsibility, etc | Brian K. Williams, Stacey C. Sawyer. |
| 250 ## - EDITION STATEMENT | |
| Edition statement | 8th ed., McGraw-Hill international ed. |
| 260 ## - PUBLICATION, DISTRIBUTION, ETC. (IMPRINT) | |
| Place of publication, distribution, etc | New York : |
| Name of publisher, distributor, etc | McGraw Hill Higher Education, |
| Date of publication, distribution, etc | c.2010. |
| 300 ## - PHYSICAL DESCRIPTION | |
| Extent | xxiv, 563 p. : |
| Other physical details | ill. ; |
| Dimensions | 26 cm. |
| 504 ## - BIBLIOGRAPHY, ETC. NOTE | |
| Bibliography, etc | Includes bibliographical references and index. |
| 650 #7 - SUBJECT ADDED ENTRY--TOPICAL TERM | |
| Source of heading or term | BUEsh |
| 9 (RLIN) | 5620 |
| Topical term or geographic name as entry element | Information technology. |
| 650 #0 - SUBJECT ADDED ENTRY--TOPICAL TERM | |
| 9 (RLIN) | 1259 |
| Topical term or geographic name as entry element | Telecommunication systems |
| 650 #7 - SUBJECT ADDED ENTRY--TOPICAL TERM | |
| 9 (RLIN) | 1995 |
| Topical term or geographic name as entry element | Computers. |
| 651 ## - SUBJECT ADDED ENTRY--GEOGRAPHIC NAME | |
| Source of heading or term | BUEsh |
| 653 ## - INDEX TERM--UNCONTROLLED | |
| Resource For college | Generalities |
| -- | Informatics and Computer Science |
| Arrived date list | March2018 |
| 700 1# - ADDED ENTRY--PERSONAL NAME | |
| Personal name | Sawyer, Stacey C. |
| 9 (RLIN) | 34528 |
| 942 ## - ADDED ENTRY ELEMENTS (KOHA) | |
| Source of classification or shelving scheme | Dewey Decimal Classification |
| Withdrawn status | Item status | Source of classification or shelving scheme | Damaged status | Not for loan | Home library | Current library | Shelving location | Date acquired | Total Checkouts | Total Renewals | Full call number | Barcode | Date last seen | Date last borrowed | Koha item type |
|---|---|---|---|---|---|---|---|---|---|---|---|---|---|---|---|
| Dewey Decimal Classification | Central Library | Central Library | Lower Floor | 14/03/2018 | 1 | 2 | 004 WIL | 000047400 | 15/07/2025 | 14/11/2018 | Book - Borrowing |